| 000 | 00725nam a2200241 4500 | ||
|---|---|---|---|
| 999 |
_c130198 _d130198 |
||
| 001 | 4066944 | ||
| 003 | ARRUPE | ||
| 005 | 20200129094418.0 | ||
| 008 | 690610s1968 nyuac b 001 0 eng | ||
| 010 | _a 68022243 | ||
| 040 |
_aDLC _cDLC _dDLC |
||
| 050 | 0 | 0 |
_aDA505 _b.W55 1968b |
| 082 | 0 | 0 | _a942.07/3 |
| 100 | 1 |
_aWhite, Reginald James. _949091 |
|
| 245 | 1 | 4 |
_aThe age of George III, _cby R. J. White. |
| 260 |
_aNew York, _bThe History Book Club _c[1968] |
||
| 300 |
_a251 p. _billus., ports. _c22 cm. |
||
| 350 | _a7.50 | ||
| 504 | _aBibliography: p. [242]-246. | ||
| 651 | 0 |
_aGreat Britain _xHistory _yGeorge III, 1760-1820. _949027 |
|
| 906 |
_a7 _bcbc _corignew _du _encip _f19 _gy-gencatlg |
||
| 942 |
_2lcc _cMONOGRAPH |
||